01205nam a2200253 a 450000100100000000500170001000800410002704000250006808200180009311001180011124500980022924600720032726000340039930000380043359000260047165000630049765000270056065000610058765000700064865000620071891000380078095201160081899900170093400004284620250716133206.0140211s2004 dr ac 000 0 spa d aDO-SdBNPbspacBNPHU a302.14bR426c1 aRepública Dominicana.bPresidencia de la República.bDirección General de Desarrollo de la Comunidad97022910a4 años de gestión :baportes de la DGDC al desarrollo comunitario, agosto 2000-mayo 2004.13aAportes de la DGDC al desarrollo comunitario, agosto 2000-mayo 2004 aSanto Domingo :bDGDC,c2004. a[180] p. :bil., retrs. ;c28 cm. aInventariado, 2018/BT 4aParticipación comunitariazRepública Dominicana953756 0a Acción social99289 4aDesarrollo de la comunidadzRepública Dominicana9253324aDesarrollo económico comunitariozRepública Dominicana97023024aSostenibilidad comunitariazRepública Dominicana970231 aValidado. Control de calidad. EMS 0010718PDaPDbPDcHDd2014-02-11iLF1l0o302.14 R426cp42846-10r2020-06-25w2020-06-25yLFPDZNo se presta c42335d42335